[Event "EU-ch U18 Girls"]
[Site "Bratislava"]
[Date "2019.08.10"]
[Round "9"]
[White "Koljevic, Nikolina"]
[Black "Tumova, Anna"]
[Result "0-1"]
[WhiteElo "1972"]
[BlackElo "1722"]
[PlyCount "110"]
[EventDate "2019.08.02"]
[EventType "swiss"]
[EventRounds "9"]
[EventCountry "SVK"]
[SourceTitle "CBM 191 Extra"]
[Source "ChessBase"]
[SourceDate "2019.09.30"]
[SourceVersion "1"]
[SourceVersionDate "2019.09.30"]
[SourceQuality "1"]

1. e4 e6 2. d4 d5 3. Nc3 Nf6 4. Bg5 dxe4 5. Nxe4 Nbd7 6. Nf3 Be7 7. Bxf6 Bxf6 8. Bd3 b6 9. c3 Bb7 10. Qe2 0-0 11. 0-0 Qe7 12. Rad1 c5 13. Bb1 cxd4 14. Nxd4 Nc5 15. Rfe1 Rfd8 16. f3 Nxe4 17. Bxe4 Bd5 18. Bxd5 Rxd5 19. Qe4 Rad8 20. f4 Qc5 21. Re2 Bxd4+ 22. Rxd4 Rxd4 23. cxd4 Rxd4 24. Qe3 Rxf4 25. Qxc5 bxc5 26. Rc2 Rf5 27. b4 Kf8 28. bxc5 Ke7 29. Rc4 a5 30. c6 Kd8 31. g4 Rd5 32. Rc2 Kc7 33. Kg2 Rd6 34. g5 f5 35. gxf6 gxf6 36. Rc5 Rd2+ 37. Kg3 Rxa2 38. Rh5 Kxc6 39. Rh6 Kd6 40. Rxf6 Rc2 41. Rh6 Rc7 42. Rh4 Kd5 43. Ra4 Ra7 44. Kf4 e5+ 45. Ke3 Kc5 46. Ke4 Kb5 47. Ra1 Re7 48. Rb1+ Kc4 49. Rc1+ Kb3 50. Rb1+ Ka2 51. Rb5 a4 52. Ra5 a3 53. Rb5 Rg7 54. Rxe5 Rg2 55. Rh5 Kb1 0-1

[Event "EU-ch U18 Girls"]
[Site "Bratislava"]
[Date "2019.08.08"]
[Round "7"]
[White "Kocyigit, Buse Naz"]
[Black "Tumova, Anna"]
[Result "1-0"]
[WhiteElo "1873"]
[BlackElo "1722"]
[PlyCount "77"]
[EventDate "2019.08.02"]
[EventType "swiss"]
[EventRounds "9"]
[EventCountry "SVK"]
[SourceTitle "CBM 191 Extra"]
[Source "ChessBase"]
[SourceDate "2019.09.30"]
[SourceVersion "1"]
[SourceVersionDate "2019.09.30"]
[SourceQuality "1"]

1. d4 g6 2. c4 Nf6 3. Nc3 d5 4. cxd5 Nxd5 5. Qb3 Nxc3 6. bxc3 Bg7 7. e4 0-0 8. Be3 c5 9. d5 Qa5 10. Rc1 Nd7 11. Nf3 Nf6 12. Nd2 Bd7 13. Be2 Qc7 14. h3 b5 15. 0-0 Rab8 16. Qc2 e6 17. dxe6 Bxe6 18. a4 a6 19. Rb1 Qc6 20. axb5 axb5 21. Rb2 Nd7 22. f4 b4 23. e5 bxc3 24. Rxb8 Rxb8 25. Qxc3 f6 26. Bf3 Qc7 27. Ne4 Rb3 28. Qc1 c4 29. exf6 Bxf6 30. Nxf6+ Nxf6 31. Bd4 Qf7 32. Qa1 Nd7 33. Re1 Nb6 34. Qa5 Nd7 35. Rxe6 Rxf3 36. Qd8+ Nf8 37. Rf6 Qg7 38. Qd5+ Kh8 39. Rxf8# 1-0

[Event "EU-ch U18 Girls"]
[Site "Bratislava"]
[Date "2019.08.03"]
[Round "2"]
[White "Tumova, Anna"]
[Black "Stroganova, Karina"]
[Result "0-1"]
[WhiteElo "1722"]
[BlackElo "1942"]
[PlyCount "50"]
[EventDate "2019.08.02"]
[EventType "swiss"]
[EventRounds "9"]
[EventCountry "SVK"]
[SourceTitle "CBM 191 Extra"]
[Source "ChessBase"]
[SourceDate "2019.09.30"]
[SourceVersion "1"]
[SourceVersionDate "2019.09.30"]
[SourceQuality "1"]

1. e4 g6 2. d4 Bg7 3. Nf3 d6 4. Bc4 e6 5. 0-0 a6 6. a4 Nd7 7. Nc3 b6 8. Bb3 Bb7 9. d5 Nc5 10. dxe6 fxe6 11. Ng5 Qd7 12. Qg4 Nf6 13. Qh3 Nxb3 14. cxb3 Ke7 15. Qd3 Raf8 16. f4 Qc6 17. Qh3 Bc8 18. e5 dxe5 19. fxe5 Qc5+ 20. Be3 Qxe5 21. Rae1 Qd6 22. Bf4 Qc6 23. Re2 Nh5 24. Bxc7 Qc5+ 25. Kh1 Rxf1# 0-1

[Event "EU-ch U18 Girls"]
[Site "Bratislava"]
[Date "2019.08.02"]
[Round "1"]
[White "Moscicka, Pola"]
[Black "Tumova, Anna"]
[Result "1-0"]
[WhiteElo "2060"]
[BlackElo "1722"]
[PlyCount "69"]
[EventDate "2019.08.02"]
[EventType "swiss"]
[EventRounds "9"]
[EventCountry "SVK"]
[SourceTitle "CBM 191 Extra"]
[Source "ChessBase"]
[SourceDate "2019.09.30"]
[SourceVersion "1"]
[SourceVersionDate "2019.09.30"]
[SourceQuality "1"]

1. d4 Nf6 2. c4 g6 3. Nc3 d5 4. cxd5 Nxd5 5. e4 Nxc3 6. bxc3 Bg7 7. Nf3 c5 8. Be3 Nc6 9. Qd2 Qa5 10. Rc1 Bg4 11. d5 Rd8 12. Be2 0-0 13. 0-0 f5 14. Ng5 Rf6 15. f3 f4 16. Bxf4 Bc8 17. e5 Rf5 18. g4 Rff8 19. d6 e6 20. Bc4 Bxe5 21. Nxe6 Bxe6 22. Bxe6+ Kg7 23. Bh6+ Kh8 24. Bxf8 Rxf8 25. f4 Bd4+ 26. Kg2 Rf6 27. f5 gxf5 28. gxf5 Be5 29. Kh1 Nd4 30. Qe3 Nc6 31. Rg1 Rf8 32. d7 Qc7 33. Qxc5 Bd6 34. Qf2 Ne5 35. Qg2 1-0

[Event "CZE-chT U18 Extraliga final-A 1819"]
[Site "Czech Republic"]
[Date "2019.04.12"]
[Round "8.6"]
[White "Steinova, Kamila"]
[Black "Tumova, Anna"]
[Result "0-1"]
[WhiteElo "1367"]
[BlackElo "1663"]
[PlyCount "70"]
[EventDate "2018.10.05"]
[EventType "team-tourn"]
[EventRounds "11"]
[EventCountry "CZE"]
[SourceTitle "EXT 2023"]
[Source "ChessBase"]
[SourceDate "2022.10.05"]
[SourceVersion "1"]
[SourceVersionDate "2022.10.05"]
[SourceQuality "1"]
[WhiteTeam "Vlasim (U18)"]
[BlackTeam "Klatovy (U18)"]
[WhiteTeamCountry "CZE"]
[BlackTeamCountry "CZE"]

1. e4 e6 2. d4 d5 3. exd5 exd5 4. Nf3 Bd6 5. Nc3 c6 6. Be2 Ne7 7. Be3 Nd7 8. 0-0 0-0 9. Qd3 Nf6 10. Qd2 Qc7 11. h3 Nf5 12. Bd3 Re8 13. a3 Ne4 14. Qc1 Bd7 15. Re1 Re7 16. Nd1 c5 17. c4 cxd4 18. Nxd4 Nxd4 19. Bxd4 Bh2+ 20. Kf1 Rae8 21. Ne3 Qf4 22. Bxe4 Rxe4 23. Bc3 d4 24. Nd5 Qxc1 25. Rexc1 dxc3 26. Rxc3 Be5 27. Rb3 Bc6 28. Ne3 Bf4 29. Re1 Bxe3 30. fxe3 Rxc4 31. Kg1 Rc2 32. e4 Rxe4 33. Rxe4 Bxe4 34. Re3 Bc6 35. Rd3 g6 0-1

[Event "CZE-chT U18 Extraliga West 1819"]
[Site "Czech Republic"]
[Date "2019.01.19"]
[Round "6.6"]
[White "Tumova, Anna"]
[Black "Madle, Robin"]
[Result "1-0"]
[WhiteElo "1663"]
[BlackElo "1567"]
[PlyCount "91"]
[EventDate "2018.10.05"]
[EventType "team-tourn"]
[EventRounds "11"]
[EventCountry "CZE"]
[SourceTitle "EXT 2023"]
[Source "ChessBase"]
[SourceDate "2022.10.05"]
[SourceVersion "1"]
[SourceVersionDate "2022.10.05"]
[SourceQuality "1"]
[WhiteTeam "Klatovy (U18)"]
[BlackTeam "Praha Bohemians (U18)"]
[WhiteTeamCountry "CZE"]
[BlackTeamCountry "CZE"]

1. e4 e5 2. Nf3 Nc6 3. Bc4 Nf6 4. Ng5 d5 5. exd5 Na5 6. Bb5+ c6 7. dxc6 bxc6 8. Be2 Bc5 9. d3 h6 10. Ne4 Nxe4 11. dxe4 Qh4 12. 0-0 0-0 13. Bd3 Be6 14. Qe1 Nc4 15. Nd2 Nxd2 16. Bxd2 Rab8 17. b3 Rfd8 18. Be3 Bb4 19. Qe2 Bc3 20. Rad1 a5 21. f3 Qe7 22. Bc4 Rxd1 23. Rxd1 Rd8 24. Rxd8+ Qxd8 25. Bxe6 fxe6 26. Qd3 Qxd3 27. cxd3 Bd4 28. Kf2 Kf7 29. Ke2 Ke7 30. f4 Kd6 31. fxe5+ Kxe5 32. Bd2 Bb6 33. Bc3+ Bd4 34. Bxa5 Kd6 35. Kd2 e5 36. Bc3 c5 37. Bxd4 cxd4 38. b4 Kc6 39. a4 Kb6 40. Kc2 g5 41. Kb3 h5 42. Kc4 g4 43. Kd5 h4 44. Kxe5 g3 45. hxg3 hxg3 46. Kd6 1-0

[Event "CZE-chT U18 Extraliga West 1819"]
[Site "Czech Republic"]
[Date "2018.10.06"]
[Round "1.6"]
[White "Papousek, Michal"]
[Black "Tumova, Anna"]
[Result "1-0"]
[WhiteElo "1587"]
[BlackElo "1663"]
[PlyCount "65"]
[EventDate "2018.10.05"]
[EventType "team-tourn"]
[EventRounds "11"]
[EventCountry "CZE"]
[SourceTitle "EXT 2023"]
[Source "ChessBase"]
[SourceDate "2022.10.05"]
[SourceVersion "1"]
[SourceVersionDate "2022.10.05"]
[SourceQuality "1"]
[WhiteTeam "Novoborsky U18"]
[BlackTeam "Klatovy (U18)"]
[WhiteTeamCountry "CZE"]
[BlackTeamCountry "CZE"]

1. c4 e5 2. Nc3 Nf6 3. g3 Bc5 4. Bg2 d6 5. e3 Nc6 6. a3 a5 7. Nge2 Qe7 8. 0-0 0-0 9. Re1 Bf5 10. Nd5 Nxd5 11. cxd5 Nb8 12. d4 Bb6 13. Bd2 Nd7 14. dxe5 Nxe5 15. e4 Nd3 16. exf5 Nxf2 17. Qc2 Nd3+ 18. Kf1 Nxe1 19. Rxe1 Rfe8 20. Nf4 Qd7 21. Be4 g5 22. Nh5 Bd4 23. Bc3 Qb5+ 24. Kg2 Bxc3 25. Qxc3 Re5 26. Kh3 Kh8 27. Qxc7 Qa6 28. Bd3 b5 29. Bxb5 Rc8 30. Qd7 Qxb5 31. Qxd6 Kg8 32. Qxe5 g4+ 33. Kh4 1-0

[Event "CZE-ch U16 Girls"]
[Site "Kouty nad Desnou"]
[Date "2017.03.15"]
[Round "6"]
[White "Vitova, Anna"]
[Black "Tumova, Anna"]
[Result "0-1"]
[WhiteElo "1726"]
[BlackElo "1674"]
[PlyCount "102"]
[EventDate "2017.03.11"]
[EventType "swiss"]
[EventRounds "9"]
[EventCountry "CZE"]
[SourceTitle "CBM 177 Extra"]
[Source "ChessBase"]
[SourceDate "2017.04.27"]
[SourceVersion "1"]
[SourceVersionDate "2017.04.27"]
[SourceQuality "1"]

1. e4 e6 2. d4 d5 3. Nd2 dxe4 4. Nxe4 Nd7 5. Nf3 Ngf6 6. Bd3 Nxe4 7. Bxe4 Nf6 8. Bd3 c5 9. 0-0 cxd4 10. Nxd4 Bc5 11. Nb3 Be7 12. Qf3 0-0 13. Bd2 e5 14. h3 Qd5 15. Qe2 Be6 16. Rfe1 Bd6 17. Rad1 Rfe8 18. Ba5 e4 19. Bb5 Qe5 20. Rxd6 Qxd6 21. Bxe8 Rxe8 22. Rd1 Qc6 23. Bc3 Bc4 24. Qd2 Bxb3 25. axb3 h6 26. Qd4 a6 27. Re1 Qd7 28. Qc5 Rc8 29. Qe5 Re8 30. Qg3 Qc6 31. Rd1 Re6 32. Rd8+ Kh7 33. Qb8 Qc5 34. b4 Qg5 35. Bd2 Qe5 36. Qxb7 Qh5 37. Qb8 Re5 38. Bc3 Re6 39. Bd2 Re5 40. c4 Qd1+ 41. Kh2 Qh5 42. c5 Ng4+ 43. Kg1 Nxf2 44. Kxf2 e3+ 45. Bxe3 Qf5+ 46. Kg1 Rxe3 47. c6 Qf6 48. Rh8+ Kg6 49. Rc8 Re1+ 50. Kh2 Re5 51. Re8 Qf4+ 0-1

[Event "CZE-ch U16 Girls"]
[Site "Kouty nad Desnou"]
[Date "2017.03.14"]
[Round "5"]
[White "Tumova, Anna"]
[Black "Bartosova, Hana"]
[Result "1-0"]
[WhiteElo "1674"]
[BlackElo "1502"]
[PlyCount "35"]
[EventDate "2017.03.11"]
[EventType "swiss"]
[EventRounds "9"]
[EventCountry "CZE"]
[SourceTitle "CBM 177 Extra"]
[Source "ChessBase"]
[SourceDate "2017.04.27"]
[SourceVersion "1"]
[SourceVersionDate "2017.04.27"]
[SourceQuality "1"]

1. e4 e6 2. Nf3 d5 3. e5 c5 4. d4 Qb6 5. c3 Nc6 6. Bd3 cxd4 7. cxd4 Bd7 8. Bc2 f6 9. Nc3 fxe5 10. dxe5 Qc7 11. 0-0 Nxe5 12. Nxe5 Qxe5 13. Re1 Qb8 14. Nxd5 Ne7 15. Bf4 Qc8 16. Nc7+ Kd8 17. Nxe6+ Ke8 18. Nc7+ 1-0

[Event "CZE-ch U16 Girls"]
[Site "Kouty nad Desnou"]
[Date "2017.03.12"]
[Round "2"]
[White "Gemsova, Tereza"]
[Black "Tumova, Anna"]
[Result "1-0"]
[WhiteElo "1387"]
[BlackElo "1674"]
[PlyCount "91"]
[EventDate "2017.03.11"]
[EventType "swiss"]
[EventRounds "9"]
[EventCountry "CZE"]
[SourceTitle "CBM 177 Extra"]
[Source "ChessBase"]
[SourceDate "2017.04.27"]
[SourceVersion "1"]
[SourceVersionDate "2017.04.27"]
[SourceQuality "1"]

1. e4 e6 2. d4 d5 3. e5 c5 4. c3 Nc6 5. Nf3 Qb6 6. Bd3 Bd7 7. Bc2 cxd4 8. cxd4 Bb4+ 9. Nc3 Nge7 10. a3 Bxc3+ 11. bxc3 Rc8 12. 0-0 Ng6 13. Qd3 Na5 14. Rb1 Qc7 15. Bb2 Nc4 16. Bc1 Qa5 17. a4 0-0 18. h4 h5 19. Ng5 Bxa4 20. Bxa4 Qxa4 21. Rxb7 Qe8 22. Rxa7 f6 23. Nxe6 Rf7 24. Rxf7 Qxf7 25. exf6 Qxf6 26. Ng5 Rf8 27. Qe2 Ne7 28. Qxh5 Qf5 29. Qe2 Ng6 30. Nf3 Qg4 31. Bg5 Nd6 32. Re1 Ne4 33. Qe3 Kh8 34. Nh2 Qf5 35. Re2 Nxg5 36. hxg5 Nf4 37. Re1 Qxg5 38. g3 Nh3+ 39. Kh1 Nxf2+ 40. Kg2 Qf5 41. Rf1 Ng4 42. Qe2 Qc8 43. Rxf8+ Qxf8 44. Nxg4 Qf5 45. Ne5 Qf6 46. Qf3 1-0

[Event "CZE-ch U16 Girls"]
[Site "Kouty nad Desnou"]
[Date "2017.03.11"]
[Round "1"]
[White "Tumova, Anna"]
[Black "Nemcova, Karin"]
[Result "0-1"]
[WhiteElo "1674"]
[BlackElo "1984"]
[PlyCount "96"]
[EventDate "2017.03.11"]
[EventType "swiss"]
[EventRounds "9"]
[EventCountry "CZE"]
[SourceTitle "CBM 177 Extra"]
[Source "ChessBase"]
[SourceDate "2017.04.27"]
[SourceVersion "1"]
[SourceVersionDate "2017.04.27"]
[SourceQuality "1"]

1. e4 d5 2. exd5 Qxd5 3. Nc3 Qd6 4. d4 Nf6 5. Nf3 a6 6. Be3 Bg4 7. Be2 e6 8. Ne5 Bxe2 9. Qxe2 Nc6 10. Nc4 Qd8 11. Rd1 Be7 12. 0-0 0-0 13. Qf3 Nb4 14. Rd2 Nbd5 15. Nxd5 exd5 16. Ne5 Ne4 17. Rdd1 Bd6 18. Qe2 f6 19. Nd3 f5 20. Bf4 Bxf4 21. Nxf4 Qd6 22. Nd3 Rae8 23. Ne5 f4 24. Qg4 Qh6 25. Rd3 Ng5 26. Qd7 c6 27. f3 Ne6 28. Qxb7 Nc5 29. dxc5 Rxe5 30. c4 Qg6 31. Rd2 d4 32. Qd7 Rfe8 33. Qxd4 h6 34. Qxf4 Rxc5 35. Rfd1 Rf5 36. Qd6 Rf6 37. Qg3 Qf5 38. Rd7 Rg6 39. Qf2 Kh7 40. R7d3 Rge6 41. R3d2 Re3 42. b3 Qa5 43. h3 Qe5 44. Rd7 Rf8 45. Qc2+ Kg8 46. Qd2 Re2 47. Qd4 Qg3 48. Rxg7+ Qxg7 0-1

[Event "Wch U16 Girls"]
[Site "Khanty-Mansiysk"]
[Date "2016.10.01"]
[Round "9"]
[White "Kostava, Elene"]
[Black "Tumova, Anna"]
[Result "1-0"]
[WhiteElo "1756"]
[BlackElo "1711"]
[PlyCount "41"]
[EventDate "2016.09.22"]
[EventType "swiss"]
[EventRounds "11"]
[EventCountry "RUS"]
[SourceTitle "EXT 2017"]
[Source "ChessBase"]
[SourceDate "2016.10.25"]
[SourceVersion "1"]
[SourceVersionDate "2016.10.25"]
[SourceQuality "1"]

1. Nf3 Nf6 2. c4 g6 3. Nc3 d5 4. e3 Bg7 5. cxd5 Nxd5 6. d4 0-0 7. Bc4 Nxc3 8. bxc3 c5 9. 0-0 Nc6 10. Rb1 Qc7 11. Ba3 cxd4 12. cxd4 Bg4 13. Be2 Rfd8 14. Qb3 e5 15. dxe5 Nxe5 16. Nxe5 Bxe5 17. Bxg4 Bxh2+ 18. Kh1 Bd6 19. Rfc1 Qe7 20. Bxd6 Rxd6 21. Qxb7 1-0

[Event "Wch U16 Girls"]
[Site "Khanty-Mansiysk"]
[Date "2016.09.30"]
[Round "8"]
[White "Tumova, Anna"]
[Black "Griciute, Rosita"]
[Result "1-0"]
[WhiteElo "1711"]
[BlackElo "1641"]
[PlyCount "101"]
[EventDate "2016.09.22"]
[EventType "swiss"]
[EventRounds "11"]
[EventCountry "RUS"]
[SourceTitle "EXT 2017"]
[Source "ChessBase"]
[SourceDate "2016.10.25"]
[SourceVersion "1"]
[SourceVersionDate "2016.10.25"]
[SourceQuality "1"]

1. e4 e5 2. Nf3 Nc6 3. Bc4 Bc5 4. c3 Nf6 5. d4 exd4 6. cxd4 Bb4+ 7. Bd2 Bxd2+ 8. Nbxd2 d5 9. exd5 Nxd5 10. Qb3 Nce7 11. 0-0 0-0 12. Rfe1 Nb6 13. Bd3 h6 14. Rac1 c6 15. Nc4 Ned5 16. Nce5 Qf6 17. Nd2 Rb8 18. Ne4 Qd8 19. Rc2 Nd7 20. Nd6 N7f6 21. Ndxf7 Rxf7 22. Nxc6 bxc6 23. Qxb8 Qd7 24. Rec1 Qc7 25. Qxc7 Rxc7 26. Rxc6 Rxc6 27. Rxc6 Ne7 28. Rc1 Nfd5 29. Bc4 Be6 30. Bxd5 Nxd5 31. f3 Kf7 32. Kf2 Kf6 33. a3 a5 34. Rc5 a4 35. Ra5 Nf4 36. Rxa4 Nd3+ 37. Ke3 Nxb2 38. Ra6 Kf7 39. Ra7+ Kf6 40. Ra6 Kf7 41. Ke4 Bd7 42. Kd5 Ke7 43. Ra7 Na4 44. Rb7 Nc3+ 45. Kc4 Nd1 46. a4 Ne3+ 47. Kc5 Nc2 48. a5 Kd8 49. a6 Kc8 50. Rxd7 Kxd7 51. a7 1-0

[Event "Wch U16 Girls"]
[Site "Khanty-Mansiysk"]
[Date "2016.09.22"]
[Round "1"]
[White "Tumova, Anna"]
[Black "Monroy Garzon, Nataly Alejandra"]
[Result "0-1"]
[WhiteElo "1711"]
[BlackElo "2105"]
[PlyCount "72"]
[EventDate "2016.09.22"]
[EventType "swiss"]
[EventRounds "11"]
[EventCountry "RUS"]
[SourceTitle "EXT 2017"]
[Source "ChessBase"]
[SourceDate "2016.10.25"]
[SourceVersion "1"]
[SourceVersionDate "2016.10.25"]
[SourceQuality "1"]

1. e4 c5 2. Nf3 Nc6 3. d4 cxd4 4. Nxd4 g6 5. c4 Nf6 6. Nc3 d6 7. Be2 Bg7 8. Be3 0-0 9. 0-0 Nxd4 10. Bxd4 Bd7 11. f4 Bc6 12. Qd3 a5 13. Rad1 Nd7 14. Bxg7 Kxg7 15. Nd5 Kg8 16. Kh1 e6 17. Nc3 Nc5 18. Qxd6 Qb6 19. b3 Rad8 20. Qe7 Bxe4 21. Nb5 Rxd1 22. Rxd1 Bc6 23. Nd6 Ne4 24. Nxe4 Bxe4 25. Qd6 Qf2 26. Bf1 Qxa2 27. Qb6 a4 28. bxa4 Qxa4 29. Rd8 Qa1 30. Kg1 Qc3 31. Qd6 Rxd8 32. Qxd8+ Kg7 33. Qb6 Qd2 34. Qc7 Qd4+ 35. Kh1 Bd3 36. Bxd3 Qa1+ 0-1

[Event "EU-ch U16 Girls 26th"]
[Site "Prague"]
[Date "2016.08.27"]
[Round "9"]
[White "Milovanova, Maria"]
[Black "Tumova, Anna"]
[Result "1-0"]
[WhiteElo "2138"]
[BlackElo "1787"]
[PlyCount "85"]
[EventDate "2016.08.18"]
[EventType "swiss"]
[EventRounds "9"]
[EventCountry "CZE"]
[SourceTitle "CBM 174 Extra"]
[Source "ChessBase"]
[SourceDate "2016.10.10"]
[SourceVersion "1"]
[SourceVersionDate "2016.10.10"]
[SourceQuality "1"]

1. d4 Nf6 2. c4 g6 3. Nc3 d5 4. cxd5 Nxd5 5. e4 Nxc3 6. bxc3 Bg7 7. Be3 c5 8. Qd2 cxd4 9. cxd4 Nc6 10. Rd1 0-0 11. Be2 f5 12. e5 e6 13. h4 Qa5 14. Nh3 Qxd2+ 15. Rxd2 Ne7 16. Rc2 Nd5 17. Bf3 Bd7 18. Bxd5 exd5 19. Kd2 Rac8 20. Rhc1 Rxc2+ 21. Rxc2 Rc8 22. Rxc8+ Bxc8 23. Nf4 Bf8 24. Nxd5 Be6 25. Nf6+ Kg7 26. d5 Bf7 27. Bd4 Be7 28. d6 Bd8 29. Nd7 Kg8 30. Bxa7 Bxa2 31. g3 Kf7 32. Nc5 Bd5 33. Ke3 b6 34. Kd4 Ba2 35. Na4 b5 36. Nc3 Bc4 37. Kc5 Ke6 38. f4 h6 39. Nxb5 Bxb5 40. Kxb5 g5 41. hxg5 hxg5 42. Bb6 gxf4 43. gxf4 1-0

[Event "EU-ch U16 Girls 26th"]
[Site "Prague"]
[Date "2016.08.26"]
[Round "8"]
[White "Tumova, Anna"]
[Black "Ahmadova, Irada"]
[Result "1/2-1/2"]
[WhiteElo "1787"]
[BlackElo "1627"]
[PlyCount "71"]
[EventDate "2016.08.18"]
[EventType "swiss"]
[EventRounds "9"]
[EventCountry "CZE"]
[SourceTitle "CBM 174 Extra"]
[Source "ChessBase"]
[SourceDate "2016.10.10"]
[SourceVersion "1"]
[SourceVersionDate "2016.10.10"]
[SourceQuality "1"]

1. e4 c5 2. Nf3 e6 3. d4 cxd4 4. Nxd4 a6 5. c4 Nf6 6. Nc3 Qc7 7. Be2 Nc6 8. Be3 Bb4 9. f3 d5 10. exd5 exd5 11. Qb3 dxc4 12. Bxc4 Nxd4 13. Bxd4 Qe7+ 14. Kf2 0-0 15. Rhe1 Qd6 16. Rad1 Bc5 17. Be3 Qc7 18. Nd5 Nxd5 19. Bxd5 Bf5 20. Rc1 Bxe3+ 21. Qxe3 Qxh2 22. Bxb7 Rab8 23. Qe7 Bh3 24. Rg1 Rfe8 25. Qc7 Qxc7 26. Rxc7 Bc8 27. Rxc8 Rexc8 28. Bxc8 Rxc8 29. Re1 g6 30. b4 Rb8 31. a3 Kf8 32. Re5 Rb5 33. Re4 f5 34. Re6 a5 35. bxa5 Rxa5 36. Re3 1/2-1/2

[Event "EU-ch U16 Girls 26th"]
[Site "Prague"]
[Date "2016.08.22"]
[Round "5"]
[White "Limanovska, Elizabete"]
[Black "Tumova, Anna"]
[Result "1-0"]
[WhiteElo "1924"]
[BlackElo "1787"]
[PlyCount "39"]
[EventDate "2016.08.18"]
[EventType "swiss"]
[EventRounds "9"]
[EventCountry "CZE"]
[SourceTitle "CBM 174 Extra"]
[Source "ChessBase"]
[SourceDate "2016.10.10"]
[SourceVersion "1"]
[SourceVersionDate "2016.10.10"]
[SourceQuality "1"]

1. e4 e6 2. d4 d5 3. Nd2 dxe4 4. Nxe4 Nd7 5. Nf3 Ngf6 6. Nxf6+ Nxf6 7. Bd3 Bd7 8. 0-0 Bd6 9. Re1 c5 10. dxc5 Bxc5 11. Ne5 Qb6 12. Qf3 0-0 13. Bg5 Bc6 14. Nxc6 Qxc6 15. Qh3 Rfd8 16. Bxf6 gxf6 17. Re4 Rd4 18. Rxd4 Bxd4 19. Qxh7+ Kf8 20. Qh8+ 1-0

[Event "CZE-ch U14 Girls"]
[Site "Kouty nad Desnou"]
[Date "2014.03.09"]
[Round "2"]
[White "Nemcova, Kamila"]
[Black "Tumova, Anna"]
[Result "1-0"]
[WhiteElo "1659"]
[BlackElo "1496"]
[PlyCount "63"]
[EventDate "2014.03.08"]
[EventType "swiss"]
[EventRounds "9"]
[EventCountry "CZE"]
[SourceTitle "EXT 2015"]
[Source "ChessBase"]
[SourceDate "2014.11.20"]
[SourceVersion "1"]
[SourceVersionDate "2014.11.20"]
[SourceQuality "1"]

1. e4 e6 2. d4 d5 3. Nc3 Bb4 4. e5 c5 5. a3 Bxc3+ 6. bxc3 c4 7. Qg4 g6 8. Nf3 Nc6 9. Be2 Qc7 10. Qg5 h6 11. Qh4 b6 12. a4 Bb7 13. Ba3 Nge7 14. Qf6 Rg8 15. h4 Nf5 16. g4 Ng7 17. Nh2 Qd8 18. Bc1 g5 19. hxg5 h5 20. gxh5 Qxf6 21. gxf6 Nf5 22. Ng4 Rh8 23. Bf4 0-0-0 24. Kd2 Nb8 25. Rag1 Nd7 26. Ne3 Nxe3 27. Bxe3 Rdg8 28. Rg7 Rf8 29. h6 Bc6 30. Ra1 Nb8 31. Bh5 Be8 32. Rag1 1-0

[Event "Czech Fed-ch U14"]
[Site "Hrdonov"]
[Date "2013.10.26"]
[Round "1"]
[White "Pulpan, Matej"]
[Black "Tumova, Anna"]
[Result "1/2-1/2"]
[WhiteElo "1783"]
[BlackElo "1511"]
[PlyCount "56"]
[EventDate "2013.10.26"]
[EventType "swiss"]
[EventRounds "9"]
[EventCountry "CZE"]
[SourceTitle "EXT 2016"]
[Source "ChessBase"]
[SourceDate "2015.10.08"]
[SourceVersion "1"]
[SourceVersionDate "2015.10.08"]
[SourceQuality "1"]

1. e4 e6 2. d4 d5 3. e5 c5 4. c3 Nc6 5. Nf3 Qb6 6. a3 a5 7. Be2 cxd4 8. cxd4 Nge7 9. Bd3 Bd7 10. Bc2 Nf5 11. Bxf5 exf5 12. Nc3 Be6 13. 0-0 Be7 14. Na4 Qd8 15. Qb3 Rb8 16. Qb5 0-0 17. Nc5 Qc7 18. Nb3 Rfc8 19. Bg5 Bxg5 20. Nxg5 b6 21. Rac1 Qb7 22. Nh3 Na7 23. Qd3 Rxc1 24. Rxc1 Rc8 25. Rc3 Rxc3 26. Qxc3 Qc6 27. Nf4 Qxc3 28. bxc3 Nb5 1/2-1/2

[Event "Tabor op"]
[Site "Tabor"]
[Date "2013.08.02"]
[Round "7"]
[White "Tumova, Anna"]
[Black "Severa, Jiri"]
[Result "1-0"]
[WhiteElo "1468"]
[BlackElo "1702"]
[PlyCount "81"]
[EventDate "2013.07.28"]
[EventType "swiss"]
[EventRounds "9"]
[EventCountry "CZE"]
[SourceTitle "CBM 155 Extra"]
[Source "ChessBase"]
[SourceDate "2013.08.26"]
[SourceVersion "1"]
[SourceVersionDate "2013.08.26"]
[SourceQuality "1"]

1. e4 c5 2. Nf3 d6 3. d4 cxd4 4. Nxd4 Nf6 5. Nc3 a6 6. Be2 Nc6 7. Be3 Qc7 8. 0-0 e6 9. f4 Be7 10. Rb1 0-0 11. Qe1 b5 12. Nxc6 Qxc6 13. Bf3 e5 14. Qg3 Qd7 15. fxe5 dxe5 16. Bh6 Ng4 17. Bxg7 Kxg7 18. h3 h5 19. Bxg4 hxg4 20. Qxe5+ f6 21. Qg3 Bc5+ 22. Kh1 Bd6 23. Qh4 Qf7 24. Rbd1 Rh8 25. Qf2 Be5 26. Rd5 Be6 27. Rc5 gxh3 28. g4 Qg6 29. g5 Bxc3 30. bxc3 Qxe4+ 31. Kh2 Qg6 32. Rc7+ Kg8 33. Qe2 f5 34. Qe5 Re8 35. Re1 Qxg5 36. Rg1 Rh5 37. Rg7+ Kf8 38. R1xg5 Rxg5 39. Rxg5 Re7 40. Qh8+ Kf7 41. Rg7+ 1-0

[Event "CZE-ch U12 Girls"]
[Site "Kouty nad Desnou"]
[Date "2013.03.14"]
[Round "7"]
[White "Pribylova, Sofie"]
[Black "Tumova, Anna"]
[Result "1-0"]
[WhiteElo "1433"]
[BlackElo "1483"]
[PlyCount "83"]
[EventDate "2013.03.09"]
[EventType "swiss"]
[EventRounds "9"]
[EventCountry "CZE"]
[SourceTitle "EXT 2015"]
[Source "ChessBase"]
[SourceDate "2014.11.20"]
[SourceVersion "1"]
[SourceVersionDate "2014.11.20"]
[SourceQuality "1"]

1. d4 e6 2. c4 f5 3. Nc3 d5 4. Nf3 Nf6 5. Bf4 c6 6. e3 Bd6 7. Bxd6 Qxd6 8. c5 Qc7 9. b4 b5 10. Be2 0-0 11. Ne5 a5 12. a3 Ba6 13. h4 a4 14. f4 Nbd7 15. Nxd7 Qxd7 16. Qc2 Ne4 17. Bf3 Qf7 18. Bxe4 fxe4 19. 0-0-0 Qh5 20. Rdg1 Qg4 21. Qe2 Qxe2 22. Nxe2 h5 23. g4 hxg4 24. Rxg4 Kf7 25. Rhg1 Rg8 26. Nc3 Ra7 27. h5 Kf8 28. Rg6 Bc8 29. Nd1 Rh8 30. R6g5 Rh6 31. Nf2 Rf6 32. Ng4 Rff7 33. Ne5 Rfc7 34. h6 Kg8 35. hxg7 Bb7 36. Rg6 Re7 37. R1g5 Ra8 38. Ng4 Rc7 39. Nf6+ Kf7 40. g8Q+ Rxg8 41. Nxg8 Ke8 42. Rxe6+ 1-0

[Event "CZE-ch U12 Girls"]
[Site "Kouty nad Desnou"]
[Date "2013.03.11"]
[Round "3"]
[White "Kocourkova, Klara"]
[Black "Tumova, Anna"]
[Result "1/2-1/2"]
[WhiteElo "1286"]
[BlackElo "1483"]
[PlyCount "32"]
[EventDate "2013.03.09"]
[EventType "swiss"]
[EventRounds "9"]
[EventCountry "CZE"]
[SourceTitle "EXT 2015"]
[Source "ChessBase"]
[SourceDate "2014.11.20"]
[SourceVersion "1"]
[SourceVersionDate "2014.11.20"]
[SourceQuality "1"]

1. Nf3 d5 2. d4 Bf5 3. c4 e6 4. Nc3 Nf6 5. Bg5 Be7 6. e3 c6 7. cxd5 exd5 8. Bxf6 Bxf6 9. Bd3 Bg6 10. 0-0 0-0 11. Rc1 Nd7 12. a3 Nb6 13. b3 Qd6 14. a4 Rfe8 15. Qc2 Rac8 16. Rfe1 Ra8 1/2-1/2